Guy de Maupassant, a través de la correspondencia de Gustavo Flaubert / (Record no. 140336)

MARC details
000 -LEADER
campo de control de longitud fija 00660nam a2200193 i 4500
001 - NÚMERO DE CONTROL
campo de control 140336
003 - IDENTIFICADOR DE NÚMERO DE CONTROL
campo de control ES-MaACL
005 - FECHA Y HORA DE LA ÚLTIMA TRANSACCIÓN
campo de control 20240514102127.0
007 - CAMPO FIJO DE DESCRIPCIÓN FÍSICA--INFORMACIÓN GENERAL
campo de control de longitud fija t|
008 - DATOS DE LONGITUD FIJA--INFORMACIÓN GENERAL
campo de control de longitud fija 070214s1950 sp r ||||1| spa d
100 1# - ENTRADA PRINCIPAL--NOMBRE DE PERSONA
Nombre de persona Segura Otaño, Enrique.
9 (RLIN) 105204
245 10 - MENCIÓN DEL TÍTULO
Título Guy de Maupassant, a través de la correspondencia de Gustavo Flaubert /
Mención de responsabilidad, etc. por Enrique Segura.
260 ## - PUBLICACIÓN, DISTRIBUCIÓN, ETC.
Lugar de publicación, distribución, etc. Madrid :
Nombre del editor, distribuidor, etc. [s. n.],
Fecha de publicación, distribución, etc. 1950.
300 ## - DESCRIPCIÓN FÍSICA
Extensión 18 p. ;
Dimensiones 25 cm.
500 ## - NOTA GENERAL
Nota general Separata de: Cuadernos de Literatura, fasc. 19-20-21, enero-junio 1950, p. 203-220.
700 1# - ENTRADA AGREGADA--NOMBRE PERSONAL
Nombre de persona Maupassant, Guy de,
Fechas asociadas al nombre 1850-1893
9 (RLIN) 79214
852 ## - LOCALIZACIÓN
Ubicación ES-MaACL
Número de control de estantería 1927-F-2
Sublocalización o colección R.31254
Holdings
Estatus retirado Estado de pérdida Estado de daño No para préstamo Colección Biblioteca de origen Biblioteca actual Ubicación en estantería Fecha de adquisición Fuente de adquisición Total de préstamos Signatura topográfica completa Código de barras Visto por última vez Precio de reemplazo Tipo de ítem Koha
        Colección de folletos Biblioteca del Ateneo de Madrid Biblioteca del Ateneo de Madrid Depósito folletos 17/01/2008     1927-F-2 1146035 23/02/2023 23/02/2023 Folleto